Social Work Malpractice and Liability : (Record no. 619851)

MARC details
000 -LEADER
fixed length control field 00518nam a2200193 a 4500
008 - FIXED-LENGTH DATA ELEMENTS--GENERAL INFORMATION
fixed length control field 260424s2003##################000#0#eng##
020 ## - INTERNATIONAL STANDARD BOOK NUMBER
ISBN 9780231127202
082 04 - DEWEY DECIMAL CLASSIFICATION NUMBER
Classification number 344.730313REA
100 1# - MAIN ENTRY--AUTHOR NAME
Personal name Reamer, Frederic G.,
245 10 - TITLE STATEMENT
Title Social Work Malpractice and Liability :
260 ## - PUBLICATION, DISTRIBUTION, ETC. (IMPRINT)
Name of publisher Columbia University Press,
Year of publication 2003.
300 ## - PHYSICAL DESCRIPTION
Number of Pages 326 pages
650 #0 - SUBJECT ADDED ENTRY--TOPICAL TERM
Topical Term Law.
942 ## - ADDED ENTRY ELEMENTS (KOHA)
Koha item type English Books
Holdings
Withdrawn status Lost status Damaged status Not for loan Home library Current library Date acquired Full call number Accession Number Price effective from Koha item type
        Anna Centenary Library Anna Centenary Library 24.04.2026 344.730313REA 167668 24.04.2026 English Books

Find us on the map